| 000 | 00568nam a2200193Ia 4500 | ||
|---|---|---|---|
| 001 | 17095 | ||
| 003 | GE_BSU | ||
| 008 | 181216s||||||||xx |||||||||||||| ||und|| | ||
| 040 | _cGE_BSU | ||
| 080 | _a821.353.1-11 | ||
| 100 | _aბობოხიძე, კალე | ||
| 245 | _aახალი პოემა და ლექსები. | ||
| 260 | _aთბილისი | ||
| 260 | _bსახელგამი | ||
| 260 | _c1950 | ||
| 300 | _a185გვ. ; 20სმ. | ||
| 653 | _aახალი პოემა და ლექსები | ||
| 942 | _cBK | ||
| 999 |
_c50157 _d50157 |
||